000 00625nam a2200241Ia 4500
003 OSt
005 20221005113603.0
006 a|||||r|||| 00| 0
007 ta
008 221004b |||||||| |||| 00| 0 tel d
024 _a39509
037 _cTextual
040 _aCRL
_cCRL
_btel
041 _2tel
_atel
082 _aV2:51.N42, 35K4
100 _aKasi Viswandham
_9624568
245 0 _a1942, August viplavam
300 _a38p.
_ccm.
650 _a TELUGU LANGUAGE
_9155493
650 _aINDIA - HISTORY
942 _hV2:51.N42, 35K4
_cTEXL
_2cc
999 _c1028650
_d1028650